000 00319nam a2200133Ia 4500
005 20251222144838.0
008 251222s9999||||xx |||||||||||||| ||spa||
082 _a731.886.3/G96
100 _aGutierrez, Angela
245 0 _aSant´Ana
250 _a1ra.ed.
264 _bSecretaria de Estado da Cultura
942 _cLIB
999 _c21112
_d21112